000 00254nam a2200097Ia 4500
082 _aJ|155.94|DEGE
245 0 _aMoving
100 _a DeGezelle, Terri, , 1955- Oxford, 2009
_952421
942 _cBK
008 210817s9999 xx 000 0 und d
999 _c167040
_d167039